The young goat, the nanny goat and the wolf. (Record no. 114251)
[ view plain ]
| 000 -LEADER | |
|---|---|
| fixed length control field | 00335nam a2200121 a 4500 |
| 005 - DATE AND TIME OF LATEST TRANSACTION | |
| control field | 20140414132054.0 |
| 008 - FIXED-LENGTH DATA ELEMENTS--GENERAL INFORMATION | |
| fixed length control field | 110714s19uu xx 00 eng d |
| 050 ## - LIBRARY OF CONGRESS CALL NUMBER | |
| Classification number | FIL |
| Item number | P26 2008 |
| 100 ## - MAIN ENTRY--PERSONAL NAME | |
| Personal name | Pastor, S.A. |
| 245 ## - TITLE STATEMENT | |
| Title | The young goat, the nanny goat and the wolf. |
| 260 ## - PUBLICATION, DISTRIBUTION, ETC. (IMPRINT) | |
| Place of publication, distribution, etc | Manila Philippines : |
| Name of publisher, distributor, etc | Lampara, |
| Date of publication, distribution, etc | 2008. |
| Withdrawn status | Lost status | Damaged status | Home library | Current library | Shelving location | Date acquired | Source of acquisition | Total Checkouts | Full call number | Barcode | Date last seen | Price effective from | Koha item type |
|---|---|---|---|---|---|---|---|---|---|---|---|---|---|
| Munich Library | Munich Library | Filipiniana Section | 07/14/2011 | FIL P26 2008 | M6027 | 04/14/2014 | 04/14/2014 | Books |